000 00501cam a2200181 4500
001 D11507
008 090401t xxu||||| |||| 00| 0 eng d
035 _a(Sirsi) u98216
041 _aeng
050 _a333.330944
100 _aSimpson, Noel
245 _aHow does the chartered surveyor in general practice operate in France
300 _a6p
350 _a0
520 _aIn: RICS. Anglo-French collaboration in property development and management...1972/19
942 _n0
948 _c04/03/1997
999 _c99120
_d99120